Statistics for Countries with English as an official language except

Click here to take the quiz!

General Stats

  • This quiz has been taken 43 times
  • The average score is 6 of 9

Answer Stats

Country% Correct
Ireland
97%
Marshall islands
82%
Micronesia
79%
Palau
76%
Zimbabwe
61%
Liberia
48%
South Sudan
48%
Sudan
45%
Eritrea
21%

Score Distribution

Percentile by Number Answered

Percent of People with Each Score

Your Score History

You have not taken this quiz